000 01329nam2a22002291 4500
001 v19\rc\1516300
005 20250618193935.0
035 _a(NLR Aleph) 004681966
090 _a3819540
_c3819540
100 _a20060620d1888 |||y0rusy50 ca
101 0 _arus
102 _aRU
105 _aa z |||||
200 0 _aXX очередного созыва 1888 года
210 _d1888
_aБ. м.
215 _a[2], III, 293 с., 4 л. табл.
461 0 _1001v19\rc\1516296
_12001#$aОтчеты, доклады, сметы и раскладки Кишиневской уездной земской управы и постановления Уездного земского собрания ...$fКишиневское земство$vXX очередного созыва 1888 года
_93819489
_aКишиневская уездная земская управа
_cКишинев
_d1885-1915
_fКишиневское земство
_tОтчеты, доклады, сметы и раскладки Кишиневской уездной земской управы и постановления Уездного земского собрания ...
_vXX очередного созыва 1888 года
801 0 _aRU
_bNLR
_gpsbo
801 1 _aRU
_bProSoft-M
_2rusmarc
852 _aNLR
_bЗем
_j3-1/О-1
942 _cBOOK
980 _aNB